Lịch sử chủ nghĩa Mác : Sách tham khảo
Nội dung sách giới thiệu sự ra đời của chủ nghĩa Mác (1840 - 1848). Sự triển khai nhiều mặt của chủ nghĩa Mác trong thực tiễn (1848 - 1871). Chủ nghĩa Mác trong nghiên cứu và trong luận chiến ngày càng trở nên sâu sắc (1871 - 1895)....
Đã lưu trong:
| 主要作者: | |
|---|---|
| 格式: | 圖書 |
| 語言: | Undetermined |
| 出版: |
Hà Nội
Chính trị Quốc Gia
2004
|
| 主題: | |
| 標簽: |
添加標簽
沒有標簽, 成為第一個標記此記錄!
|
| Thư viện lưu trữ: | Trung tâm Học liệu Trường Đại học Cần Thơ |
|---|
| LEADER | 01045nam a2200217Ia 4500 | ||
|---|---|---|---|
| 001 | CTU_224004 | ||
| 008 | 210402s9999 xx 000 0 und d | ||
| 020 | |b 140000 | ||
| 082 | |a 320.5322 | ||
| 082 | |b L312/T.1 | ||
| 100 | |a Trang, Phúc Linh | ||
| 245 | 0 | |a Lịch sử chủ nghĩa Mác : | |
| 245 | 0 | |b Sách tham khảo | |
| 245 | 0 | |c Trang Phúc Linh (Chủ biên) ; Lê Cự Lộc (dịch) ... [et al.] | |
| 260 | |a Hà Nội | ||
| 260 | |b Chính trị Quốc Gia | ||
| 260 | |c 2004 | ||
| 520 | |a Nội dung sách giới thiệu sự ra đời của chủ nghĩa Mác (1840 - 1848). Sự triển khai nhiều mặt của chủ nghĩa Mác trong thực tiễn (1848 - 1871). Chủ nghĩa Mác trong nghiên cứu và trong luận chiến ngày càng trở nên sâu sắc (1871 - 1895). | ||
| 650 | |a Marxism-Leninism and our time,Chủ nghĩa Mác-Lênin và thời đại chúng ta | ||
| 910 | |b dqhieu | ||
| 980 | |a Trung tâm Học liệu Trường Đại học Cần Thơ | ||